Представление документа в формате RUSMARC

ПолеНазваниеЗначение
  Тип записи a
  Библиографический уровень m
001 Контрольный номер RU/SLIB/B/208745026
005 Дата корректировки 20201206204109.9
010 Индекс ISBN __
d Цена 0-65
101 Язык документа __
a Язык текста rus
200 Заглавие и сведения об ответственности __
a Заглавие В. И. Муравленко
f Первые сведения об ответственности Юрасова М. К., Юрасова Г. М.
b Общее обозначение материала Текст
205 Сведения об издании __
a Основные сведения об издании 2-е изд., перераб. и доп.
210 Выходные данные __
a Место издания Свердловск
c Издательство Сред.-Урал. кн. изд-во
d Дата издания 1986
215 Физическое описание __
a Объем 256 с., [16] с. ил.
225 Серия __
a Серия Наши земляки
600 Персоналии __
a Персоналии (Фамилия) Муравленко, В. И.
606 Тематические рубрики __
a Основная рубрика Горное дело
y Географическая подрубрика Россия; Западная Сибирь
606 Тематические рубрики __
a Основная рубрика Разработка нефтяных и газовых месторождений
610 Ключевые слова __
a Ключевые слова нефть; месторождения; биографии; экспедиции; нефтяные фонтаны; нефтедобыча; добыча нефти; персоналии; нефтяники
686 Индексы других классификаций __
a Классификационный индекс 33.361; ст33
700 Автор _1
a Фамилия Юрасова
b Имя М. К.
4 Код отношения 070
702 Вторичная интеллектуальная ответственность __
a Фамилия Юрасова
b Имя Г. М.
4 Код отношения Автор
801 Источник записи _0
a Страна RU
b Организация Муниципальное бюджетное учреждение культуры "Централизованная библиотечная система" г. Сургут (Центральная городская библиотека им. А. С. Пушкина)
g Правила каталогизации КиК/Уланова
801 Источник записи _1
a Страна RU
b Организация Муниципальное бюджетное учреждение культуры "Централизованная библиотечная система" г. Сургут (Центральная городская библиотека им. А. С. Пушкина)
g Правила каталогизации КиК/Уланова
852 Данные о местонахождении __
j Шифр хранения 33.361
c Каталожный индекс 33.361
i Авторский знак Ю 64
p Инвентарный номер 26303
901 Тип документа __
t Тип документа m
990 Данные о заказе (DOS) __
j Количество экземпляров (DOS) 5; 1